| 000 | 01089nam a2200229Ia 4500 | ||
|---|---|---|---|
| 001 | 10496 | ||
| 003 | GE_BSU | ||
| 008 | 181216s||||||||xx |||||||||||||| ||und|| | ||
| 040 | _cGE_BSU | ||
| 080 | _a821.353.1–3+821.353.1-31 | ||
| 100 | _aდადიანი,შალვა | ||
| 245 | _aქართული პროზა წ.26. შალვა დადიანი:გვირგვილიანების ოჯახი | ||
| 245 | _cსარედ.კოლ.რ.თვარაძე და სხვ.შემდგ.რედ.ჯ.ღვინჯილია.ვ.ჯავახაძე..რედ.ქ.კვინტრაძე.მხატვ.დ.დუნდუა,თამაზ შარიფაშვილი | ||
| 260 | _aთბილისი | ||
| 260 | _bსაქართველო | ||
| 260 | _c1996 | ||
| 300 | _a512გვ.20სმ. | ||
| 541 | _h8ლ. | ||
| 653 | _aქართული პროზა | ||
| 653 | _aჯაყოს ხიზნები,თეთრი საყელო,გივი შადური | ||
| 942 | _cBK | ||
| 999 |
_c43751 _d43751 |
||